Представление документа в формате RUSMARC

ПолеНазваниеЗначение
  Тип записи a
  Библиографический уровень m
001 Контрольный номер RU/SLIB/B/208782215
005 Дата корректировки 20201206204346.4
010 Индекс ISBN __
d Цена 0-13
101 Язык документа __
a Язык текста rus
200 Заглавие и сведения об ответственности 1_
a Заглавие По следам Ермака
e Сведения, относящиеся к заглавию из дневника писателя
f Первые сведения об ответственности А. Коптяева
b Общее обозначение материала Текст
210 Выходные данные __
a Место издания Свердловск
c Издательство Сред.-Урал. кн. изд-во
d Дата издания 1972
215 Физическое описание __
a Объем 103, [2] с.
225 Серия __
a Серия Открытие века
330 Аннотация __
a Аннотация История экономического и социального развития Тюменского края в 70-е годы 20 века.
600 Персоналии __
a Персоналии (Фамилия) Эрвье, Ю. Г.
600 Персоналии __
a Персоналии (Фамилия) Ермак
600 Персоналии __
a Персоналии (Фамилия) Салманов, Ф. К.
600 Персоналии __
a Персоналии (Фамилия) Щербинин, В. С.
600 Персоналии __
a Персоналии (Фамилия) Трегубенко, И. И.
600 Персоналии __
a Персоналии (Фамилия) Каролинский, И. Н.
601 Наименование организации как предмет __
a Наименование организации как предмет Сургутская ГРЭС
601 Наименование организации как предмет __
a Наименование организации как предмет Тюменьнефтегеология
601 Наименование организации как предмет __
a Наименование организации как предмет Нефтеюганскгазстрой
606 Тематические рубрики __
a Основная рубрика Художественная литература
606 Тематические рубрики __
a Основная рубрика Русская литература XX в. (произведения)
606 Тематические рубрики __
a Основная рубрика История
606 Тематические рубрики __
a Основная рубрика История России в целом
y Географическая подрубрика Россия; Тюменская область; Обь; Сургут; Нефтеюганск; Сайма; Тюмень; Тура; СССР; Ялуторовск; Иртыш; Тобольск; Горноправдинск; Сургутский район; Ханты-Мансийский автономный округ; Нижневартовск; Урай; Ханты-Мансийск; Березовский район; Мегион; Самотлор
610 Ключевые слова __
a Ключевые слова советская литература; краеведение; исторические романы; тема города; тема истории; тема родного края; тема строительства; тема нефти; персоналии; тема тайги; тема Сибири; записки; тема путешествий; тема экономики; декабристы; история края; путевые заметки; рыболовство; тема советской власти
686 Индексы других классификаций __
a Классификационный индекс 84(2Рос=Рус)6-4;
686 Индексы других классификаций __
a Классификационный индекс 63.3(253); ст84(2Рос=Рус)6-4 + ст63.3(253)
700 Автор __
a Фамилия Коптяева
b Имя А. Д.
g Полное личное имя Антонина Дмитриевна
4 Код отношения 070
801 Источник записи _0
a Страна RU
b Организация Муниципальное бюджетное учреждение культуры "Централизованная библиотечная система" г. Сургут (Центральная городская библиотека им. А. С. Пушкина)
g Правила каталогизации КиК/Лебедева
801 Источник записи _1
a Страна RU
b Организация Муниципальное бюджетное учреждение культуры "Централизованная библиотечная система" г. Сургут (Центральная городская библиотека им. А. С. Пушкина)
g Правила каталогизации КиК/Лебедева
852 Данные о местонахождении __
j Шифр хранения 84(2Рос=Рус)6-4
c Каталожный индекс 84(2Рос=Рус)6-4; 63.3(253)
i Авторский знак К 65
p Инвентарный номер 43426
901 Тип документа __
t Тип документа m
990 Данные о заказе (DOS) __
j Количество экземпляров (DOS) 1
t N записи в КСУ для И/У (DOS) ретро